000 00524nam a2200229Ia 4500
003 OSt
005 20220928141538.0
006 a|||||r|||| 00| 0
007 ta
008 220927b |||||||| |||| 00| 0 eng d
024 _a15846
037 _cTextual
040 _aSDCL
_cSDCL
_beng
041 _2eng
_aeng
082 _aP, N6
100 _aYule Geore
_9500815
245 0 _aStudy of language.
250 _aEd. 2
260 _c1996
942 _hP, N6
_cTEXL
_2CC
999 _c818221
_d818221